|
|
|
|
| LEADER |
00000nab a2200000 a 4500 |
| 001 |
vtls000502354 |
| 003 |
SK-MaSNL |
| 005 |
20260303191136.0 |
| 008 |
160216c1993 xo 0 slo |
| 015 |
|
|
|a SNBRB19rr/mm-uuuuu
|
| 035 |
|
|
|a CL0502492
|
| 040 |
|
|
|a SNKBUCL
|b slo
|c SNKBUCL
|e AACR2
|
| 041 |
0 |
|
|a slo
|
| 044 |
|
|
|a xo
|c SK
|
| 080 |
|
|
|a 82:929:885.4
|2 1981
|
| 080 |
|
|
|a 885.4
|2 1981
|
| 080 |
|
|
|a 82:061.7
|2 1981
|
| 080 |
|
|
|a 929 Kopál, Ján
|2 1981
|
| 100 |
1 |
|
|a Žilková, Marta,
|d 1942-
|4 aut
|9 88073
|
| 245 |
1 |
0 |
|a Ocenenie tvorby pre deti
|c Marta Žilková
|
| 600 |
1 |
7 |
|a Kopál, Ján,
|d 1925-2000
|2 snkbucl
|9 102409
|
| 650 |
0 |
7 |
|a Trojruža (literárna cena)
|2 snkbucl
|9 1220260
|
| 655 |
|
7 |
|a články z novín a časopisov
|2 snkbucl
|9 267496
|
| 655 |
|
7 |
|a články z odboru literárna veda a krásna literatúra
|2 snkbucl
|9 770045
|
| 773 |
0 |
|
|t Literárny týždenník
|g Roč. 6, č. 39 (1993), s. 4
|
| 850 |
|
|
|a Slovenská národná knižnica v Martine
|a MTA001
|
| 852 |
|
|
|a SNK
|b KIS3GCP
|
| 958 |
|
|
|a BX
|
| 958 |
|
|
|a RK
|
| 958 |
|
|
|a LX
|
| 999 |
|
|
|c 2139579
|d 2141509
|